| 000 | 00428cam a22001337a 4500 | ||
|---|---|---|---|
| 008 | 180718b2007 xxu||||| |||| 00| 0 eng d | ||
| 082 | _aA81x54 01/29A/A | ||
| 100 | _aCensus of India 2001 | ||
| 245 | _aAndhra Pradesh: administrative atlas | ||
| 260 |
_aDelhi _bThe Controller of Publications _c2007 |
||
| 300 | _a438+p. | ||
| 440 | _aCensus of India 2001. Series-29, Andhra Pradesh | ||
| 650 | _aAndhra Pradesh - Atlases - Census | ||
| 999 |
_c488308 _d488308 |
||